[Event "Lansing Mini-Swiss.3"]
[Site "Lansing, MI"]
[Date "1998.??.??"]
[Round "?"]
[White "Haddad, Wade"]
[Black "Guenther, B."]
[Result "0-1"]
[WhiteElo "1605"]
[BlackElo "1605"]
[PlyCount "102"]
[EventDate "1998.??.??"]

1. d4 Nf6 2. Nf3 g6 3. Bf4 Bg7 4. e3 d6 5. Bc4 d5 6. Bb3 O-O 7. O-O Nh5 8. Be5
f6 9. Bg3 Nxg3 10. fxg3 c6 11. Nbd2 Kh8 12. e4 dxe4 13. Nxe4 Bf5 14. Nc5 Qb6
15. Nd3 Nd7 16. Nf4 Rad8 17. Nh4 g5 18. Nxf5 gxf4 19. Qg4 Rg8 20. Bxg8 Rxg8 21.
Qxf4 e5 22. Qe3 Bf8 23. dxe5 Bc5 24. Qxc5 Qxc5+ 25. Kh1 Nxe5 26. c3 Ng4 27. Nd4
Qh5 28. h4 Nh6 29. Kh2 Qe5 30. Rf3 c5 31. Nc2 Ng4+ 32. Kh3 Qe4 33. Ne1 Qe2 34.
Nd3 c4 35. Re1 cxd3 36. Rxe2 dxe2 37. Rf4 e1=Q 38. Rxg4 Rxg4 39. Kxg4 Qe4+ 40.
Kh3 h5 41. a3 f5 42. b4 Qg4+ 43. Kh2 f4 44. gxf4 Qxh4+ 45. Kg1 Qxf4 46. a4 h4
47. a5 Qg3 48. Kf1 Qxc3 49. Kg1 Qd4+ 50. Kh2 Qf2 51. Kh3 Qg3# 0-1

[Event "U.S. Amateur North"]
[Site "Detroit, MI"]
[Date "1998.??.??"]
[Round "?"]
[White "Guo, Josh"]
[Black "West, Tony"]
[Result "1/2-1/2"]
[WhiteElo "2080"]
[BlackElo "1660"]
[PlyCount "73"]
[EventDate "1998.05.??"]

{5/23} 1. e4 c5 2. Nf3 Nc6 3. Bd3 e5 4. O-O Nf6 5. Re1 Be7 6. Nc3 O-O 7. Nd5 d6
8. c3 Re8 9. Bc2 Bf8 10. d3 h6 11. a4 Bg4 12. h3 Be6 13. Bb3 Bxd5 14. Bxd5 Nxd5
15. exd5 Ne7 16. Qb3 Qd7 17. Bd2 Qf5 18. c4 Ng6 19. Re4 Qd7 20. Qb5 Rad8 21.
Qxd7 Rxd7 22. g4 f6 23. Rc1 Rf7 24. b4 Be7 25. bxc5 dxc5 26. Kg2 Ref8 27. Bc3
Nf4+ 28. Kg3 Nxd3 29. Rd1 Nf4 30. Nh4 g6 31. Ng2 Nxg2 32. Kxg2 Bd6 33. Re2 Re7
34. Rde1 Rfe8 35. f3 Kf7 36. Kf2 a6 37. Kg2 1/2-1/2

[Event "U.S. Amateur North"]
[Site "Detroit, MI"]
[Date "1998.??.??"]
[Round "?"]
[White "Guo, Josh"]
[Black "Grams, Paul"]
[Result "1/2-1/2"]
[WhiteElo "2080"]
[BlackElo "1700"]
[PlyCount "62"]
[EventDate "1998.05.??"]

{5/23} 1. e4 c5 2. Nf3 d6 3. c3 Nf6 4. h3 Nc6 5. Bd3 e5 6. O-O Be7 7. Bc2 d5 8.
d3 dxe4 9. dxe4 O-O 10. Qe2 h6 11. Na3 a6 12. Be3 Qc7 13. Nh4 b5 14. Nf5 Bxf5
15. exf5 e4 16. Nb1 Rfe8 17. Nd2 Qe5 18. f4 Qxf5 19. g4 Qe6 20. f5 Qd5 21. Qg2
Bd6 22. Rad1 Rad8 23. Nxe4 Qxa2 24. Nxf6+ gxf6 25. Qxc6 Rxe3 26. Rxd6 Rxd6 27.
Qxd6 Qxb2 28. g5 Qxc2 29. Qd8+ Kh7 30. Qc7 Kg8 31. g6 Qa2 1/2-1/2

[Event "Lansing Mini-Swiss.3"]
[Site "Lansing, MI"]
[Date "1998.??.??"]
[Round "?"]
[White "Guenther, B."]
[Black "Crysler, Jerry"]
[Result "1-0"]
[WhiteElo "1605"]
[BlackElo "1605"]
[PlyCount "161"]
[EventDate "1998.??.??"]

1. e4 g6 2. Nf3 Bg7 3. d4 c5 4. c3 b6 5. Bc4 Bb7 6. Qe2 a6 7. Bf4 b5 8. Bd3
cxd4 9. cxd4 d5 10. e5 e6 11. Nbd2 Ne7 12. O-O O-O 13. b4 Nbc6 14. a3 Nf5 15.
Nb3 Qb6 16. Bxf5 exf5 17. Qd2 Nd8 18. Bh6 Ne6 19. Bxg7 Kxg7 20. Nc5 Bc8 21.
Rfc1 f4 22. Rc3 h6 23. Qa2 Bb7 24. Rac1 Nxc5 25. bxc5 Qe6 26. c6 Bc8 27. Rc5
Rd8 28. c7 Rd7 29. a4 bxa4 30. Qxa4 Ra7 31. Qa5 Rb7 32. Rc6 Qe7 33. h3 Rb5 34.
Qd2 Rb7 35. Qc2 Rb4 36. Rf6 Rc4 37. Qd2 Rxc1+ 38. Qxc1 Rxc7 39. Qxf4 a5 40. g4
a4 41. Qd2 Ra7 42. Qa2 Be6 43. Nd2 Qb4 44. Rf4 g5 45. Rf3 Qxd4 46. Re3 Qf4 47.
Qa3 d4 48. Rd3 Qxe5 49. Nf3 Qb5 50. Nxd4 Qb1+ 51. Kg2 Bb3 52. Rxb3 Qe4+ 53. Nf3
Qc6 54. Rb4 Qd6 55. Nd4 Qd5+ 56. f3 Kh7 57. Rxa4 Rxa4 58. Qxa4 Qb7 59. Qc2+ Kg8
60. Nf5 Qa6 61. Qd2 Qf6 62. h4 Kf8 63. Qb4+ Kg8 64. h5 Qe6 65. Qb2 f6 66. Nxh6+
Kh7 67. Qc2+ Kh8 68. Nf5 Qa6 69. h6 Qb7 70. Ng3 Qh7 71. Qc8+ Qg8 72. Qxg8+ Kxg8
73. Nh5 f5 74. Kg3 Kh7 75. gxf5 Kxh6 76. Kg4 Kh7 77. Kxg5 Kg8 78. f6 Kf7 79. f4
Kg8 80. Kg6 Kh8 81. Ng7 1-0

[Event "Lansing Mini-Swiss.3"]
[Site "Lansing, MI"]
[Date "1998.??.??"]
[Round "?"]
[White "Guenther, B."]
[Black "Crysler, Jerry"]
[Result "1/2-1/2"]
[WhiteElo "1605"]
[BlackElo "1605"]
[PlyCount "97"]
[EventDate "1998.??.??"]

1. e4 g6 2. d4 Bg7 3. Nf3 c5 4. c3 cxd4 5. cxd4 d6 6. Bb5+ Bd7 7. Nc3 Nc6 8.
Be3 a6 9. Be2 b5 10. O-O e6 11. Qd2 Nge7 12. a3 O-O 13. b4 f6 14. Bh6 Rf7 15.
Bxg7 Rxg7 16. Rfd1 f5 17. e5 d5 18. Ne1 g5 19. f4 g4 20. Qe3 Ng6 21. g3 h5 22.
Nd3 Rh7 23. Nc5 Bc8 24. Kf2 h4 25. Rh1 Raa7 26. Rac1 Rag7 27. Nxb5 hxg3+ 28.
hxg3 Rxh1 29. Rxh1 axb5 30. Bxb5 Na7 31. Ba6 Bd7 32. a4 Nf8 33. b5 Rh7 34. Rxh7
Kxh7 35. Qe1 Kg6 36. Nb7 Qb6 37. Qb4 Bc6 38. Na5 Nd7 39. Ke3 Ba8 40. Qe7 Qxa5
41. Qxe6+ Kg7 42. Qxd7+ Kg6 43. Qe6+ Kg7 44. Qf6+ Kg8 45. Qg6+ Kh8 46. Qe8+ Kg7
47. Qe7+ Kg8 48. Qg5+ Kh8 49. Qxf5 1/2-1/2

[Event "U.S. Amateur North"]
[Site "Detroit, MI"]
[Date "1998.??.??"]
[Round "?"]
[White "Grzegorczyk, Ron"]
[Black "Thompson, Shereece"]
[Result "1-0"]
[WhiteElo "1615"]
[BlackElo "1605"]
[PlyCount "91"]
[EventDate "1998.05.??"]

{5/23} 1. e4 e5 2. Nf3 Nc6 3. Bb5 Nf6 4. O-O Bc5 5. c3 Nxe4 6. d4 Be7 7. d5 Na5
8. b4 Nxc3 9. Nxc3 Bxb4 10. Bd2 c6 11. Be2 cxd5 12. Nxe5 O-O 13. Nxd5 Nc6 14.
Nxc6 dxc6 15. Nxb4 c5 16. Nc2 b6 17. Bf3 Rb8 18. Bf4 Rb7 19. Bxb7 Bxb7 20. Qxd8
Rxd8 21. Rad1 Re8 22. Rfe1 Rf8 23. Rd7 Bc6 24. Rxa7 g6 25. Ra6 Bb5 26. Rxb6 Bd7
27. Rb7 Ba4 28. Ne3 Bc6 29. Rc7 Bb5 30. Rxc5 Ba4 31. Rec1 Bd7 32. Rc7 Be6 33.
a4 Ra8 34. Ra1 Rd8 35. a5 Ra8 36. a6 h6 37. a7 Kg7 38. Rb7 Rxa7 39. Raxa7 g5
40. Be5+ Kg6 41. f4 gxf4 42. Bxf4 h5 43. h4 f5 44. Bg5 Bf7 45. Rxf7 f4 46. Rg7#
1-0

[Event "Michigan Amateur"]
[Site "Kalamazoo "]
[Date "1998.??.??"]
[Round "?"]
[White "Grzegorczyk, Ron"]
[Black "Smith, Les L"]
[Result "0-1"]
[WhiteElo "1615"]
[BlackElo "1905"]
[PlyCount "48"]
[EventDate "1998.07.??"]

{7/19} 1. e4 c5 2. Nf3 Nc6 3. d4 cxd4 4. Nxd4 e6 5. Nc3 Bb4 6. Nxc6 bxc6 7. Bd2
Nf6 8. Bd3 Qc7 9. Qe2 Rb8 10. O-O Bd6 11. f4 e5 12. f5 Rxb2 13. Rab1 Rxb1 14.
Rxb1 Bc5+ 15. Kh1 d5 16. exd5 cxd5 17. Bb5+ Bd7 18. Bxd7+ Kxd7 19. Qb5+ Ke7 20.
Bg5 Rd8 21. Na4 Bd4 22. Qb4+ Qd6 23. Qd2 Rb8 24. Nc3 Bxc3 0-1

[Event "Michigan Amateur"]
[Site "Kalamazoo "]
[Date "1998.??.??"]
[Round "?"]
[White "Grzegorczyk, Ron"]
[Black "Paul, Dennis"]
[Result "1-0"]
[WhiteElo "1615"]
[BlackElo "1605"]
[PlyCount "85"]
[EventDate "1998.07.??"]

{7/18} 1. e4 c6 2. c4 g6 3. Nc3 Bg7 4. Nf3 d6 5. Be2 Nf6 6. O-O O-O 7. d4 a6 8.
a4 a5 9. e5 dxe5 10. Nxe5 Nbd7 11. Nf3 Nb6 12. Bf4 Bg4 13. b3 Nh5 14. Be3 Qc7
15. h3 Bxf3 16. Bxf3 Nf4 17. Ne2 Bh6 18. Qc1 Nxe2+ 19. Bxe2 Bxe3 20. Qxe3 Rad8
21. Rad1 Rfe8 22. Bf3 e5 23. dxe5 Rxe5 24. Rxd8+ Kg7 25. Qd4 f6 26. Qd6 Qf7 27.
Bg4 Re7 28. Qd4 Nxa4 29. bxa4 h5 30. Bf3 Kh7 31. Rd1 Kg7 32. Rd7 Kh6 33. Rxe7
Qxe7 34. Qd6 Qf7 35. c5 f5 36. Qf4+ Kg7 37. Rd6 Qe7 38. Qd2 Qe5 39. Rd7+ Kg8
40. Be2 Qxc5 41. Qa2+ Kh8 42. Qf7 Qc1+ 43. Bf1 1-0

[Event "Kalamazoo Mini-Swiss.1"]
[Site "Kalamazoo, MI"]
[Date "1998.??.??"]
[Round "?"]
[White "Grzegorczyk, Ron"]
[Black "Moore, Robert"]
[Result "1-0"]
[WhiteElo "1615"]
[BlackElo "1605"]
[PlyCount "75"]
[EventDate "1998.??.??"]

1. e4 c5 2. c4 d6 3. Nc3 Nf6 4. d3 e6 5. Bg5 Nc6 6. Nf3 Be7 7. Be2 O-O 8. O-O
h6 9. Bh4 Nh5 10. Bxe7 Qxe7 11. d4 Nf4 12. d5 Nxe2+ 13. Qxe2 Nd4 14. Nxd4 cxd4
15. Nb5 e5 16. f4 a6 17. Na3 Bd7 18. fxe5 dxe5 19. Qd2 Rfc8 20. Rfc1 f5 21.
exf5 Bxf5 22. b4 a5 23. c5 axb4 24. d6 Qd7 25. Qxb4 Ra4 26. Qb2 Bd3 27. Qb3+
Kh8 28. Qxd3 e4 29. Qb3 e3 30. Nc4 Rxc5 31. Nb6 Rxc1+ 32. Rxc1 Qxd6 33. Nxa4
Qf8 34. Qc2 d3 35. Qc8 Kg8 36. Qxf8+ Kxf8 37. Nc3 Kf7 38. Re1 1-0

[Event "Michigan Amateur"]
[Site "Kalamazoo "]
[Date "1998.??.??"]
[Round "?"]
[White "Grzegorczyk, Ron"]
[Black "Moore, B."]
[Result "1-0"]
[WhiteElo "1615"]
[BlackElo "1605"]
[PlyCount "45"]
[EventDate "1998.07.??"]

{7/18} 1. e4 e6 2. d4 d5 3. e5 c5 4. Nf3 Nc6 5. c3 Nge7 6. Nbd2 cxd4 7. cxd4 a6
8. Nb3 Qb6 9. Be2 Nf5 10. O-O Be7 11. Be3 O-O 12. a3 Rd8 13. Qc2 Nxe3 14. fxe3
Bd7 15. Kh1 Rac8 16. Nc5 Bxc5 17. dxc5 Qa7 18. b4 a5 19. Ng5 Nxe5 20. Qxh7+ Kf8
21. Nxf7 Nxf7 22. Rxf7+ Kxf7 23. Rf1+ 1-0

[Event "Michigan Open Reserve"]
[Site "Flint, MI"]
[Date "1998.??.??"]
[Round "?"]
[White "Grzegorczyk, Ron"]
[Black "Laurin, Edward"]
[Result "0-1"]
[WhiteElo "1630"]
[BlackElo "1605"]
[PlyCount "56"]
[EventDate "1998.09.??"]

1. e4 e5 2. Nf3 Nc6 3. Bb5 Bc5 4. c3 Nge7 5. O-O O-O 6. d4 exd4 7. cxd4 Bd6 8.
a3 f6 9. b4 a6 10. Bc4+ Kh8 11. Bb2 Ng6 12. Re1 b5 13. Bd5 Bb7 14. e5 fxe5 15.
dxe5 Be7 16. g3 d6 17. Nd4 Nxd4 18. Bxb7 Rb8 19. Qxd4 Rxb7 20. Qd5 Rb6 21. Nc3
Nxe5 22. Rxe5 dxe5 23. Qxe5 Bf6 24. Qe2 Rd6 25. Re1 Rd2 26. Rd1 Rxe2 27. Rxd8
Rxd8 28. Nxe2 Bxb2 0-1

[Event "U.S. Amateur North"]
[Site "Detroit, MI"]
[Date "1998.??.??"]
[Round "?"]
[White "Grzegorczyk, Ron"]
[Black "Hooker, Larry"]
[Result "0-1"]
[WhiteElo "1615"]
[BlackElo "1605"]
[PlyCount "126"]
[EventDate "1998.05.??"]

{5/24} 1. e4 e5 2. Nf3 Nc6 3. Bb5 Bc5 4. c3 d6 5. O-O Bg4 6. h3 Bh5 7. g4 Bg6
8. d4 Bb6 9. d5 Bxe4 10. dxc6 bxc6 11. Bd3 Bxd3 12. Qxd3 h6 13. Be3 Nf6 14.
Nbd2 O-O 15. Bxb6 axb6 16. Ne4 Nd5 17. Ne1 Nf4 18. Qf3 f5 19. gxf5 Rxf5 20. Ng2
d5 21. Qg4 Qf8 22. Nxf4 exf4 23. Qf3 dxe4 24. Qxe4 Qf6 25. Kh2 Rf8 26. Rae1 Kh8
27. Qe7 Qxe7 28. Rxe7 R8f7 29. Rfe1 Kh7 30. R1e6 c5 31. h4 Rxe7 32. Rxe7 c6 33.
Rb7 b5 34. Rd7 h5 35. Kg2 f3+ 36. Kg3 Kg6 37. b3 Rd5 38. Rxd5 cxd5 39. a4 d4
40. Kxf3 c4 41. bxc4 bxa4 42. c5 a3 43. c6 a2 44. c7 a1=Q 45. c8=Q Qxc3+ 46.
Qxc3 dxc3 47. Ke3 Kf5 48. Kd3 Kf4 49. Kxc3 Kf3 50. Kd4 Kxf2 51. Ke4 Kg3 52. Kf5
Kxh4 53. Kf4 g5+ 54. Kf3 g4+ 55. Kg2 Kg5 56. Kg3 h4+ 57. Kg2 Kf4 58. Kh2 Kf3
59. Kg1 g3 60. Kh1 g2+ 61. Kg1 h3 62. Kh2 Kf2 63. Kxh3 g1=Q 0-1

[Event "U.S. Amateur North"]
[Site "Detroit, MI"]
[Date "1998.??.??"]
[Round "?"]
[White "Grzegorczyk, Ron"]
[Black "Guo, Josh"]
[Result "0-1"]
[WhiteElo "1615"]
[BlackElo "2080"]
[PlyCount "56"]
[EventDate "1998.05.??"]

{5/23} 1. e4 c5 2. c4 Nc6 3. Nc3 g6 4. Nf3 Bg7 5. Be2 e6 6. d3 Nge7 7. Be3 Nd4
8. O-O O-O 9. Rb1 b6 10. Nb5 Nxe2+ 11. Qxe2 d6 12. Qd2 Bb7 13. Bf4 d5 14. Nd6
Bc6 15. cxd5 exd5 16. e5 f6 17. d4 fxe5 18. dxe5 Qd7 19. Ng5 Nf5 20. e6 Qe7 21.
Nxf5 Rxf5 22. Rfe1 Bh6 23. g4 Rxf4 24. Qxf4 Bxg5 25. Qf3 Rf8 26. Qg2 Rf6 27.
Qg3 Bf4 28. Qf3 Bxh2+ 0-1

[Event "Michigan Class C"]
[Site "Grand Rapids, MI"]
[Date "1998.??.??"]
[Round "?"]
[White "Griffin, John"]
[Black "White, B."]
[Result "1-0"]
[WhiteElo "1605"]
[BlackElo "1605"]
[PlyCount "69"]
[EventDate "1998.01.??"]

1. d4 f5 2. c4 e6 3. g3 Be7 4. Bg2 Nf6 5. Nf3 O-O 6. b3 d6 7. O-O Qe8 8. Nc3
Bd7 9. Re1 Nc6 10. e4 fxe4 11. Nxe4 e5 12. d5 Nd8 13. Bg5 h6 14. Nxf6+ Bxf6 15.
Bxf6 Rxf6 16. Nd2 Qf8 17. Ne4 Rf7 18. Rf1 b6 19. Qd2 Nb7 20. b4 a5 21. a3 axb4
22. axb4 Rxa1 23. Rxa1 Qe7 24. Ra8+ Rf8 25. Ra7 Bc8 26. Ra3 Bd7 27. f3 Qe8 28.
Nc3 Qe7 29. Ne2 Bf5 30. f4 e4 31. Nd4 Bd7 32. Re3 Bf5 33. Nxf5 Rxf5 34. Bxe4
Rf8 35. Bh7+ 1-0

[Event "Lansing Mini-Swiss.2"]
[Site "Lansing, MI"]
[Date "1998.??.??"]
[Round "?"]
[White "Griffin, John"]
[Black "Vaughn, Gerald"]
[Result "1-0"]
[WhiteElo "1605"]
[BlackElo "1605"]
[PlyCount "79"]
[EventDate "1998.??.??"]

1. d4 Nf6 2. c4 c5 3. d5 g6 4. Nc3 Bg7 5. Nf3 d6 6. e4 O-O 7. h3 e6 8. Be2 exd5
9. cxd5 Re8 10. Qc2 Qe7 11. Nd2 Nbd7 12. O-O a6 13. a4 Ne5 14. f4 Ned7 15. Bf3
Nh5 16. Bxh5 gxh5 17. Qd1 Qh4 18. Nf3 Qg3 19. Qe1 Qxe1 20. Rxe1 Nb6 21. a5 Nc4
22. Ra4 b5 23. axb6 Nxb6 24. Ra2 Rb8 25. Nd2 Bxc3 26. bxc3 Nxd5 27. Nc4 Nxc3
28. Nxd6 Rd8 29. Rc2 Rxd6 30. Rxc3 Rb5 31. Be3 Rg6 32. Rxc5 Rxc5 33. Bxc5 Bxh3
34. Re2 Bd7 35. Rd2 Bb5 36. e5 h4 37. Rd8+ Kg7 38. Bf8+ Kh8 39. Be7+ Rg8 40.
Bf6# 1-0

[Event "Kalamazoo Mini-Swiss.2"]
[Site "Kalamazoo, MI"]
[Date "1998.??.??"]
[Round "?"]
[White "Griffin, John"]
[Black "VanderLaan, D."]
[Result "1-0"]
[WhiteElo "1605"]
[BlackElo "1605"]
[PlyCount "95"]
[EventDate "1998.??.??"]

1. d4 Nf6 2. c4 d5 3. Nc3 e6 4. Nf3 Nbd7 5. g3 b6 6. Bg2 c6 7. cxd5 cxd5 8. O-O
Bb7 9. Bf4 Be7 10. Nb5 O-O 11. Rc1 a6 12. Bc7 Qe8 13. Nd6 Bxd6 14. Bxd6 Rc8 15.
Bxf8 Nxf8 16. Qb3 N8d7 17. Rc2 Qd8 18. Rfc1 Nb8 19. Rxc8 Bxc8 20. Qc2 Bd7 21.
Ne5 g6 22. Qc7 Qe8 23. Qxb6 Bb5 24. Qb7 Kg7 25. Rc8 Bc6 26. Qxb8 Nd7 27. Nxd7
Qxd7 28. Rc7 Qe8 29. Qxe8 Bxe8 30. f3 Bb5 31. Kf2 Kf6 32. e4 Bc4 33. b3 Bd3 34.
Ke3 dxe4 35. fxe4 Bb1 36. Bf1 Bxa2 37. b4 Kg5 38. h3 f5 39. Rxh7 fxe4 40. Kxe4
Bd5+ 41. Ke3 Kf5 42. Bd3+ Kf6 43. Rh6 Kf7 44. Kf4 Bg2 45. Ke5 Bd5 46. Rh7+ Kg8
47. Rc7 g5 48. Kf6 1-0

[Event "Lansing Mini-Swiss.2"]
[Site "Lansing, MI"]
[Date "1998.??.??"]
[Round "?"]
[White "Griffin, John"]
[Black "Seczney, E."]
[Result "0-1"]
[WhiteElo "1605"]
[BlackElo "1605"]
[PlyCount "82"]
[EventDate "1998.??.??"]

1. d4 d5 2. c4 c6 3. Nf3 Bf5 4. cxd5 cxd5 5. Qa4+ Bd7 6. Qb3 e6 7. Qxb7 Nc6 8.
Qb3 Na5 9. Qd1 Nf6 10. b3 Ne4 11. Bb2 Rc8 12. e3 Bb4+ 13. Nfd2 Qf6 14. Qf3 Rc2
15. Qxf6 gxf6 16. Bc1 Rxc1+ 17. Ke2 Nxd2 18. Nc3 Rxa1 19. Kxd2 Rxa2+ 20. Kd3
Bxc3 21. Kxc3 O-O 22. Bd3 Rc8+ 23. Kb4 Nc6+ 24. Kc5 Ne5+ 25. Kd6 Nxd3 26. Kxd7
Rac2 27. f3 Rc1 28. Rxc1 Rxc1 29. e4 Rb1 30. exd5 exd5 31. Kd6 Rxb3 32. Kxd5 a5
33. Kc4 Rb8 34. Kxd3 a4 35. d5 a3 36. d6 a2 37. d7 a1=Q 38. d8=Q+ Rxd8+ 39. Ke2
Qe5+ 40. Kf2 Rd1 41. g3 Rd2+ 0-1

[Event "Kalamazoo Mini-Swiss.1"]
[Site "Kalamazoo, MI"]
[Date "1998.??.??"]
[Round "?"]
[White "Griffin, John"]
[Black "Russell, Scott"]
[Result "1-0"]
[WhiteElo "1605"]
[BlackElo "1605"]
[PlyCount "105"]
[EventDate "1998.??.??"]

1. d4 d5 2. c4 e6 3. g3 Nf6 4. Bg2 Be7 5. Nf3 O-O 6. Qc2 c5 7. O-O Nc6 8. Rd1
Nb4 9. Qb3 a5 10. Nbd2 a4 11. Qc3 b6 12. a3 Nc6 13. dxc5 d4 14. Qc2 bxc5 15.
Ne5 d3 16. Qxd3 Bb7 17. Nxc6 Qc7 18. Nxe7+ Qxe7 19. Bxb7 Qxb7 20. Qf3 Qc7 21.
Ne4 Nd7 22. Bf4 e5 23. Be3 Rab8 24. Rab1 Rb3 25. Nd2 Rb6 26. b4 Rf6 27. Qg2
cxb4 28. Rxb4 Ra6 29. Rdb1 f5 30. Rb7 Qd8 31. Qd5+ Rf7 32. Rb8 Qxb8 33. Rxb8+
Nxb8 34. Qxe5 Nc6 35. Qb5 Nb4 36. Qb8+ Rf8 37. Qxb4 Re6 38. Bc5 Rfe8 39. e3 f4
40. Nf1 f3 41. Qxa4 Rb8 42. Qc2 Rc6 43. Bb4 g5 44. Qe4 Rf6 45. Qd5+ Rf7 46.
Qxg5+ Rg7 47. Qd5+ Rf7 48. Bc3 Kf8 49. Qd6+ Re7 50. Qxb8+ Re8 51. Qd6+ Kf7 52.
Qf6+ Kg8 53. Qg7# 1-0

[Event "Kalamazoo Mini-Swiss.1"]
[Site "Kalamazoo, MI"]
[Date "1998.??.??"]
[Round "?"]
[White "Griffin, John"]
[Black "Ritter, J."]
[Result "0-1"]
[WhiteElo "1605"]
[BlackElo "1840"]
[PlyCount "85"]
[EventDate "1998.??.??"]

1. d4 Nf6 2. c4 e6 3. g3 Bb4+ 4. Bd2 Bxd2+ 5. Nxd2 Nc6 6. Ngf3 d5 7. Bg2 O-O 8.
O-O Re8 9. Re1 Qd6 10. e3 b6 11. a3 Bb7 12. Rc1 Rad8 13. c5 Qe7 14. b4 b5 15.
Qc2 a6 16. Ne5 Nd7 17. Nxc6 Bxc6 18. e4 dxe4 19. Nxe4 Bd5 20. Rcd1 f5 21. Nd2
Bxg2 22. Kxg2 Qf6 23. Nf3 f4 24. Re4 Qf5 25. Qe2 fxg3 26. hxg3 c6 27. Re1 Nf8
28. Ne5 Rc8 29. Rf4 Qg5 30. Nf7 Qd5+ 31. Qe4 Ng6 32. Rf3 Re7 33. Qxd5 exd5 34.
Rxe7 Nxe7 35. Ng5 h6 36. Ne6 Ng6 37. Re3 Kf7 38. Kf3 Ne7 39. Nf4 Nf5 40. Ne2
Nxe3 41. Kxe3 Re8+ 42. Kd3 Kg6 43. Ng1 {[Remainder illegible]} 0-1

[Event "Kalamazoo Mini-Swiss.2"]
[Site "Kalamazoo, MI"]
[Date "1998.??.??"]
[Round "?"]
[White "Griffin, John"]
[Black "Miller, Doug"]
[Result "1/2-1/2"]
[WhiteElo "1605"]
[BlackElo "1605"]
[PlyCount "148"]
[EventDate "1998.??.??"]

1. d4 d5 2. c4 Nf6 3. Nf3 g6 4. Nc3 Bg7 5. cxd5 Nxd5 6. e4 Nb6 7. Bb5+ c6 8.
Be2 O-O 9. O-O Bg4 10. Be3 Na6 11. a3 Nc7 12. h3 Bxf3 13. Bxf3 Nc4 14. Qe2 Nxe3
15. fxe3 Ne6 16. Rad1 a5 17. Qc2 Qc8 18. Bg4 h5 19. Be2 Bh6 20. Rd3 b5 21. Nd1
Ng5 22. Bf3 Qb7 23. Rc3 Nxf3+ 24. Rxf3 Rac8 25. Rc5 e6 26. Qd3 Rfd8 27. Rf2 Bf8
28. Rcc2 Qb6 29. Qf1 Rc7 30. Rfd2 Bh6 31. Qf6 Rdc8 32. Kh1 Bg7 33. Qg5 Bf8 34.
Nf2 b4 35. g4 Qb5 36. Qxb5 cxb5 37. Rxc7 Rxc7 38. axb4 Bxb4 39. Re2 Be7 40. Nd3
a4 41. d5 a3 42. bxa3 Bxa3 43. Kg2 Rc3 44. Rd2 b4 45. d6 Rc8 46. Nc5 b3 47.
Nxb3 Rd8 48. d7 Kf8 49. Na5 Bb4 50. Nc6 Bxd2 51. Nxd8 Ke7 52. Nxf7 Kxd7 53.
Ne5+ Ke8 54. Nxg6 hxg4 55. hxg4 Bxe3 56. Kf3 Bg5 57. Nf4 Kf7 58. Nh3 Be7 59.
Kf4 Bd6+ 60. Kg5 Be7+ 61. Kf4 Bd6+ 62. e5 Bf8 63. Ng5+ Ke7 64. Ne4 Bg7 65. g5
Bf8 66. g6 Bh6+ 67. Ng5 Bg7 68. Nf3 Bh6+ 69. Kg4 Bg7 70. Kh5 Ke8 71. Nd4 Ke7
72. Nf3 Ke8 73. Kg5 Ke7 74. Nd4 Kd7 1/2-1/2

[Event "Michigan Open Reserve"]
[Site "Flint, MI"]
[Date "1998.??.??"]
[Round "?"]
[White "Griffin, John"]
[Black "Laurin, Edward"]
[Result "1-0"]
[WhiteElo "1605"]
[BlackElo "1605"]
[PlyCount "113"]
[EventDate "1998.09.??"]

1. d4 b6 2. c4 Bb7 3. Nc3 e6 4. a3 Nf6 5. Nf3 d5 6. g3 dxc4 7. Qa4+ Nc6 8. Bg2
Qd7 9. O-O O-O-O 10. e3 Na5 11. Qxd7+ Nxd7 12. Ng5 Bxg2 13. Kxg2 Re8 14. Nxf7
Rg8 15. Ng5 c5 16. Nb5 Nb3 17. Rb1 a6 18. Nc3 cxd4 19. exd4 Nxd4 20. Nxh7 Nb3
21. Be3 Bc5 22. Rbe1 Bxe3 23. Rxe3 g5 24. Ne4 Rg7 25. Nd6+ Kd8 26. Nxe8 Kxe8
27. Rxe6+ Kf7 28. Rfe1 Rxh7 29. Re7+ Kg8 30. Rxh7 Kxh7 31. Re7+ Kg8 32. Rxd7
Nc5 33. Rd2 Nd3 34. Kf1 Kf7 35. Ke2 Ke6 36. Rxd3 cxd3+ 37. Kxd3 Kf5 38. h3 Ke5
39. f3 Kd5 40. h4 gxh4 41. gxh4 Ke5 42. h5 Kf6 43. Ke4 Kg5 44. Ke5 Kxh5 45. Kf6
Kh4 46. f4 Kg3 47. f5 Kf3 48. Ke6 Ke3 49. f6 Kd2 50. f7 Kc2 51. f8=Q Kxb2 52.
Qb4+ Ka2 53. Qxb6 Kxa3 54. Kd5 a5 55. Kc4 a4 56. Kc3 Ka2 57. Qb2# 1-0

[Event "Michigan Amateur"]
[Site "Kalamazoo "]
[Date "1998.??.??"]
[Round "?"]
[White "Griffin, John"]
[Black "Jendras, Gerard"]
[Result "1/2-1/2"]
[WhiteElo "1605"]
[BlackElo "1915"]
[PlyCount "129"]
[EventDate "1998.07.??"]

{7/18} 1. d4 Nf6 2. c4 c5 3. d5 b5 4. cxb5 a6 5. b6 Qxb6 6. Nc3 d6 7. e4 g6 8.
Nf3 Bg4 9. Be2 Nbd7 10. Nd2 Ne5 11. f3 Bc8 12. Nc4 Nxc4 13. Bxc4 Bg7 14. Qb3
Qa7 15. a4 Rb8 16. Qc2 O-O 17. Ra3 Nd7 18. Rb3 Ne5 19. Be2 Rxb3 20. Qxb3 c4 21.
Qc2 Qc5 22. f4 Nd7 23. Rf1 Nb6 24. Nd1 Bd7 25. Be3 Qb4+ 26. Bd2 Bxa4 27. Bxb4
Bxc2 28. Ba5 Rb8 29. Bf3 Bxd1 30. Bxd1 Bxb2 31. Rf2 c3 32. Rf3 Ba3 33. Rxc3 Bc5
34. Rb3 Nd7 35. Rxb8+ Nxb8 36. Be2 Kf8 37. Kd1 Ke8 38. Bc7 Nd7 39. Bxa6 Bg1 40.
h3 Bh2 41. Bb5 Bxf4 42. Ke2 e6 43. Kf3 Be5 44. Bc6 h5 45. Ba5 Ke7 46. Bd2 Bf6
47. Bf4 g5 48. Bh2 Be5 49. Bg1 Nf6 50. Ke3 Kf8 51. Kf3 Kg7 52. g4 h4 53. Be3
exd5 54. exd5 Kg6 55. Bb7 Ng8 56. Bc6 Ne7 57. Ke4 f5+ 58. Kf3 Kf6 59. Bb6 fxg4+
60. Kxg4 Bf4 61. Bd8 Kf7 62. Bxe7 Kxe7 63. Bb5 Kf6 64. Bd7 Ke5 65. Be6 1/2-1/2

[Event "Kalamazoo Mini-Swiss.2"]
[Site "Kalamazoo, MI"]
[Date "1998.??.??"]
[Round "?"]
[White "Griffin, John"]
[Black "Ingles, Darrell"]
[Result "1-0"]
[WhiteElo "1605"]
[BlackElo "1605"]
[PlyCount "107"]
[EventDate "1998.??.??"]

1. d4 d5 2. Nf3 Nf6 3. c4 e6 4. g3 c6 5. Bg2 dxc4 6. a4 a5 7. O-O Be7 8. Ne5
O-O 9. Nxc4 Nd5 10. Ne5 Nd7 11. e4 Nb4 12. Nd3 Nf6 13. Nxb4 Bxb4 14. b3 b6 15.
Ba3 Bb7 16. Bxb4 axb4 17. Ra2 c5 18. dxc5 Qxd1 19. Rxd1 bxc5 20. e5 Nd5 21. Rc2
Ra5 22. Bf1 Rc8 23. Bc4 Kf8 24. Rcd2 Rd8 25. Kf1 Ke7 26. Ke2 Raa8 27. Ra2 Ba6
28. Bxa6 Rxa6 29. f4 Ra5 30. Rc2 Rc8 31. Kf3 Rb8 32. Nd2 Nc3 33. Nc4 Ra6 34.
Rd6 Rxd6 35. Nxd6 f6 36. Ne4 Nxe4 37. Kxe4 f5+ 38. Kd3 Rc8 39. Kc4 Kd7 40. Rd2+
Ke7 41. Rd6 h6 42. a5 g5 43. a6 Rc7 44. Rb6 Kd7 45. Rb7 Rxb7 46. axb7 Kc7 47.
Kxc5 Kxb7 48. Kd6 gxf4 49. gxf4 Kb6 50. Kxe6 Kc5 51. Kxf5 Kd4 52. e6 Kc3 53. e7
Kxb3 54. e8=Q 1-0

[Event "Michigan Class C"]
[Site "Grand Rapids, MI"]
[Date "1998.??.??"]
[Round "?"]
[White "Griffin, John"]
[Black "Hernquist, D."]
[Result "0-1"]
[WhiteElo "1605"]
[BlackElo "1605"]
[PlyCount "98"]
[EventDate "1998.01.??"]

1. d4 Nf6 2. c4 c5 3. d5 b5 4. cxb5 a6 5. b6 Qxb6 6. Nc3 g6 7. e4 d6 8. Nf3 Bg7
9. Nd2 O-O 10. Nc4 Qb7 11. a4 Bd7 12. h3 Rc8 13. a5 Rc7 14. Ra3 Bb5 15. Rb3
Nbd7 16. Na3 Qc8 17. Naxb5 axb5 18. Rxb5 Rb7 19. Rxb7 Qxb7 20. Qa4 Qb4 21. a6
Qxa4 22. Nxa4 Nxe4 23. Bd3 Nef6 24. Bc4 Ne5 25. Nb6 Ra7 26. Bb5 Ned7 27. Nxd7
Nxd7 28. O-O Nb8 29. Re1 Nxa6 30. Bxa6 Rxa6 31. Rxe7 Ra1 32. Re8+ Bf8 33. Re1
Bh6 34. Kf1 Rxc1 35. Rxc1 Bxc1 36. b3 f5 37. Ke2 Kf7 38. Kd1 Bh6 39. Kc2 Kf6
40. Kd3 Ke5 41. Kc4 f4 42. b4 cxb4 43. Kxb4 Kxd5 44. Kc3 Ke4 45. Kc2 d5 46. Kd1
f3 47. gxf3+ Kxf3 48. Ke1 Kg2 49. h4 Kh3 0-1